| 000 | 00907cab a2200277 4500 | ||
|---|---|---|---|
| 001 | ABS53036 | ||
| 008 | 090401t1995 xxu||||| |||| 00| 0 eng d | ||
| 035 | _a(Sirsi) u1472 | ||
| 041 | _aeng | ||
| 100 | _aPieroni, C. | ||
| 245 | _aForecasting high street rents | ||
| 260 | _c1995 | ||
| 350 | _a0 | ||
| 490 |
_aEstates Gazette _v(9525) 24 June 1995, 148-149(2) |
||
| 520 | _aOverview of the rent forecasting model devised by Colliers Erdman Lewis in conjunction with PA Cambridge Economic Consultants, which can produce 5 year forecasts for high street retail rents on a local level. | ||
| 650 | _aCOLLIERS ERDMAN LEWIS | ||
| 650 | _aFORECASTING | ||
| 650 | _aFORECASTS | ||
| 650 | _aMODELLING | ||
| 650 | _aPA CAMBRIDGE ECONOMIC CONSULTANTS | ||
| 650 | _aRETAIL RENTS | ||
| 690 | _aPROPERTY-COMMERCIAL PROPERTY-RETAIL PROPERTY | ||
| 700 | _aTyler, P. | ||
| 942 | _n0 | ||
| 948 | _c04/03/1997 | ||
| 999 |
_c821 _d821 |
||